<?xml version="1.0" encoding="UTF-8"?>
<collection xmlns="http://www.loc.gov/MARC21/slim">
<record>
  <controlfield tag="001">120278</controlfield>
  <controlfield tag="005">20221220103609.0</controlfield>
  <datafield tag="037" ind1=" " ind2=" ">
    <subfield code="a">TAZ-TFM-2022-1392</subfield>
  </datafield>
  <datafield tag="041" ind1=" " ind2=" ">
    <subfield code="a">spa</subfield>
  </datafield>
  <datafield tag="100" ind1="1" ind2=" ">
    <subfield code="a">Ferrero Guillén, Lorena</subfield>
  </datafield>
  <datafield tag="242" ind1="0" ind2="0">
    <subfield code="a">Association between diet and insulin resistance in adults at risk of developing type 2 Diabetes Mellitus</subfield>
  </datafield>
  <datafield tag="245" ind1="0" ind2="0">
    <subfield code="a">Asociación entre alimentación y resistencia a la insulina en adultos con riesgo de desarrollar Diabetes Mellitus tipo 2</subfield>
  </datafield>
  <datafield tag="260" ind1=" " ind2=" ">
    <subfield code="a">Zaragoza</subfield>
    <subfield code="b">Universidad de Zaragoza</subfield>
    <subfield code="c">2022</subfield>
  </datafield>
  <datafield tag="506" ind1=" " ind2=" ">
    <subfield code="a">by-nc-sa</subfield>
    <subfield code="b">Creative Commons</subfield>
    <subfield code="c">3.0</subfield>
    <subfield code="u">http://creativecommons.org/licenses/by-nc-sa/3.0/</subfield>
  </datafield>
  <datafield tag="520" ind1=" " ind2=" ">
    <subfield code="a">Introducción y objetivos: La resistencia a la insulina se considera la base en la fisiopatología de la diabetes mellitus tipo 2 y se ha relacionado con hábitos alimentarios no adecuados. El objetivo de este trabajo es estudiar la asociación entre la alimentación y resistencia a la insulina en adultos predispuestos a desarrollar la enfermedad. &lt;br />Material y Métodos: A través del estudio Feel4Diabetes se identificaron 3.526 familias (de las cuales 64,9% eran mujeres, con edad media de 41 años) con alto riesgo de desarrollar DMT2 mediante el cuestionario FINDRISC. Se determinó el peso, talla, glucosa e insulina de los participantes, y se calculó el IMC y HOMA. La alimentación se valoró a través del índice de calidad de la dieta “Health Diet Score” (HDS), y la resistencia a la insulina (RI) se determinó mediante (HOMA-IR), estableciéndose como punto de corte para insulinorresistencia 2,5. Se realizó correlación de Pearson y regresión lineal para estudiar la asociación entre calidad de la dieta y resistencia a la insulina.&lt;br />Resultados: El índice HOMA se asocia inversamente con la calidad de la dieta, tanto en el modelo crudo (“β”= -0,397; IC 95% (-0,638, -0,157); p≤0,001) como en el modelo 1, ajustado por edad de los participantes (“β”= -0,385; IC 95% (-0,626, -0,144); p=0,002), en el modelo 2, ajustado por edad e IMC de los participantes (“β”= -0,247; IC 95% (-0,504, 0,009); p=0,058) y el modelo 3, ajustado por edad, IMC y sexo (“β”= -0,213; IC 95% (-0,461, 0,035); p=0,093). La calidad de la dieta queda significativamente explicada en un 0,7% por el índice HOMA, teniendo en cuenta la edad de los participantes (R2= 0,007, p= 0,002), mientras que pierde la significación si añadimos el ajuste por el sexo de los participantes, quedando explicado en un 7,1% (R2=0,071, p=0,093).&lt;br />Conclusiones: Existe una relación inversa entre la calidad de la dieta (HDS) y la resistencia a la insulina (índice HOMA) en individuos con riesgo de desarrollar DMT2. La calidad de la dieta se explica en un 7,1% por el índice HOMA, teniendo en cuenta la edad, sexo e IMC de los adultos. Harían falta estudios longitudinales para continuar analizando esta asociación entre alimentación y resistencia a la insulina, y poder determinar si la calidad de la dieta podría considerarse como predictor de desarrollar DMT2 en un futuro.&lt;br />&lt;br /></subfield>
  </datafield>
  <datafield tag="521" ind1=" " ind2=" ">
    <subfield code="a">Máster Universitario en Condicionantes Genéticos, Nutricionales y Ambientales del Crecimiento y Desarrollo</subfield>
  </datafield>
  <datafield tag="540" ind1=" " ind2=" ">
    <subfield code="a">Derechos regulados por licencia Creative Commons</subfield>
  </datafield>
  <datafield tag="700" ind1=" " ind2=" ">
    <subfield code="a">De Miguel Etayo, Mª del Pilar </subfield>
    <subfield code="e">dir.</subfield>
  </datafield>
  <datafield tag="700" ind1=" " ind2=" ">
    <subfield code="a">Bueno Lozano, Gloria</subfield>
    <subfield code="e">dir.</subfield>
  </datafield>
  <datafield tag="710" ind1="2" ind2=" ">
    <subfield code="a">Universidad de Zaragoza</subfield>
    <subfield code="b"> </subfield>
    <subfield code="c"></subfield>
  </datafield>
  <datafield tag="856" ind1="0" ind2=" ">
    <subfield code="f">670999@celes.unizar.es</subfield>
  </datafield>
  <datafield tag="856" ind1="4" ind2=" ">
    <subfield code="s">976404</subfield>
    <subfield code="u">http://zaguan.unizar.es/record/120278/files/TAZ-TFM-2022-1392.pdf</subfield>
    <subfield code="y">Memoria (spa)</subfield>
  </datafield>
  <datafield tag="909" ind1="C" ind2="O">
    <subfield code="o">oai:zaguan.unizar.es:120278</subfield>
    <subfield code="p">driver</subfield>
    <subfield code="p">trabajos-fin-master</subfield>
  </datafield>
  <datafield tag="950" ind1=" " ind2=" ">
    <subfield code="a"></subfield>
  </datafield>
  <datafield tag="980" ind1=" " ind2=" ">
    <subfield code="a">TAZ</subfield>
    <subfield code="b">TFM</subfield>
    <subfield code="c">MED</subfield>
  </datafield>
  <datafield tag="999" ind1=" " ind2=" ">
    <subfield code="a">20221129170439.CREATION_DATE</subfield>
  </datafield>
  <datafield tag="951" ind1=" " ind2=" ">
    <subfield code="a">deposita:2022-12-20</subfield>
  </datafield>
</record>
</collection>